| 000 | 01099cam a2200385M 4500 | ||
|---|---|---|---|
| 001 | 85478 | ||
| 005 | 20230410130521.0 | ||
| 008 | 910416t19911990nyu 000 1 eng d | ||
| 010 | _a 91000202 | ||
| 035 | _a(OCoLC)ocn317673400 | ||
| 040 |
_aBNY _cBNY |
||
| 020 | _a0807612642 : | ||
| 020 | _a9780807612644 | ||
| 020 | _a0375701613 (pbk.) | ||
| 020 | _a9780375701610 (pbk.) | ||
| 035 | _a(OCoLC)317673400 | ||
| 041 | 1 | _aengtur | |
| 050 | 1 | 4 |
_aPL 248 _bP186w 1991 |
| 082 | 0 | 0 | _a894.3533 |
| 049 | _aGRAL | ||
| 100 | 1 |
_aPamuk, Orhan, _d1952- |
|
| 245 | 1 | 4 |
_aThe white castle / _cby Orhan Pamuk ; translated from the Turkish by Victoria Holbrook. |
| 260 |
_aNew York : _bG. Braziller, _c1998, c1990. |
||
| 300 |
_a161 p. ; _c22 cm. |
||
| 500 | _aTranslation of: Beyaz kale. | ||
| 500 | _aPublished also by Vintage. | ||
| 650 | 4 | _aPrimera Jornada de Catalogacion. | |
| 650 | 4 | _aNovela turca. | |
| 650 | 4 |
_aPiratas _vNovela. |
|
| 650 | 4 |
_aTráfico ilegal de personas _vNovela. |
|
| 650 | 4 |
_aEsclavitud _vNovela. |
|
| 942 |
_2lcc _cbk |
||
| 994 |
_aC0 _bDRFGD |
||
| 946 | _almm | ||
| 999 |
_c75435 _d75435 |
||